000 00856nam a2200217 i 4500
001 38402
003 ES-MaACL
005 20230906155742.0
007 t|
008 030225s1882 sp ||||1| spa d
100 1 _aCabezas de Herrera, José.
_933208
245 1 0 _aRelaciones comerciales de la Península con las provincias de Ultramar /
_cpor José Cabezas de Herrera.
260 _aMadrid :
_b[s.n.],
_c1882 (
_fImp. de Diego Valero)
300 _a16 p. ;
_c23 cm.
530 _aDisponible en formato digital.
651 4 _aEspaña-
_xComercio exterior-
_zCuba.
_9170190
651 4 _aEspaña-
_xComercio exterior-
_zPuerto Rico.
_9170191
651 4 _aEspaña-
_xComercio exterior-
_zFilipinas.
_9161702
852 _aES-MaACL
_jT-509-F-1
856 _uhttps://bibliotecadigital.aecid.es/bibliodig/es/consulta/registro.do?id=6480
_zBiblioteca Digital AECID
999 _c38402
_d38402